Flustered By A Flag - Statistics

General Stats
  • This quiz has been taken 35 times
  • The average score is 13 of 18
Answer Stats
Question Answer % Correct
Which one is Peru?
100%
Which one is England?
100%
Which one is Iceland?
100%
Which one is Sweden?
100%
Which one is the United Arab Emirates?
100%
Which one is Belgium?
100%
Which one is Chad?
67%
Which one is Bahrain?
67%
Which one is Tunisia?
67%
Which one is the Netherlands?
67%
Which one is Yemen?
67%
Which one is Slovakia?
67%
Which one is Andorra?
67%
Which one is Guinea?
67%
Which one is New Zealand?
67%
Which one is Palau?
67%
Which one is the Ivory Coast (Côte d'Ivoire)?
33%
Which one is Sudan?
33%
No matching quizzes found
Score Distribution
Percent of People with Each Score
Percentile by Number Answered
Your Score History
You have not taken this quiz